000 01246nam a2200325Ia 4500
001 ebr10714557
003 CaPaEBR
006 m o u
007 cr cn|||||||||
008 130122s2013 mau sb 001 0 eng d
010 _z 2013002764
020 _z9789004248175 (hardback : alk. paper)
020 _z9789004248182
040 _aCaPaEBR
_cCaPaEBR
035 _a(OCoLC)849918909
050 1 4 _aML3003
_b.L78 2013eb
082 0 4 _a781.71/2
_223
100 1 _aLoewen, Peter Victor.
245 1 0 _aMusic in early Franciscan thought
_h[electronic resource] /
_cby Peter V. Loewen.
260 _aBoston :
_bBrill,
_c2013.
300 _a262 p.
490 0 _aThe Medieval Franciscans ;
_vvolume 9
504 _aIncludes bibliographical references and index.
533 _aElectronic reproduction.
_bPalo Alto, Calif. :
_cebrary,
_d2013.
_nAvailable via World Wide Web.
_nAccess may be limited to ebrary affiliated libraries.
650 0 _aChurch music
_xCatholic Church
_y500-1400.
650 0 _aFranciscans
_xHistory
_y13th century.
655 7 _aElectronic books.
_2local
710 2 _aebrary, Inc.
856 4 0 _uhttp://site.ebrary.com/lib/rucke/Doc?id=10714557
_zAn electronic book accessible through the World Wide Web; click to view
999 _c1084
_d1084